00454 2200169 4500245008500000020002200085250001100107100000900118700001800127650002400145005001900169260003300188041001400221084001200235300002800247336000900275 aHidup adalah Jurnal Tanpa Akhir b : Buku Seri Pembangunan KaraktercSisihText a978-602-9361-17-9 aCet. 1 aSisi aArief Junaedi aPendidikan Karakter a20230221084806 aJakartabRegia Jacatrac2012 aIndonesia a370.114 aviii, 69 hlm. :c25 cm. atext